[Event "Women European Team Championship 2015"]
[Site "Reykjavik ISL"]
[Date "2015.11.22"]
[Round "9"]
[White "Muzychuk, Mariya"]
[Black "Peng, Zhaoqin"]
[Result "1-0"]
[WhiteElo "2542"]
[BlackElo "2383"]
[PlyCount "125"]
[EventDate "2015.11.13"]
[WhiteTeam "Ukraine"]
[BlackTeam "Netherlands"]

1. e4 c5 2. Nf3 Nc6 3. d4 cxd4 4. Nxd4 g6 5. c4 Bg7 6. Be3 Nf6 7. Nc3 d6 8. Be2
O-O 9. O-O Nxd4 10. Bxd4 Bd7 11. Qd2 Bc6 12. f3 a5 13. b3 Nd7 14. Be3 Nc5 15.
Rab1 e6 16. Rfd1 Be5 17. Bd4 Qe7 18. Bf1 Rfd8 19. Qe3 b6 20. Rd2 Rab8 21. Rbd1
Qh4 22. g3 Qe7 23. Bg2 Rd7 24. Ne2 Rc7 25. f4 Bxd4 26. Nxd4 e5 27. Nxc6 Rxc6
28. f5 b5 29. cxb5 Rxb5 30. Bf1 Rb4 31. Bc4 gxf5 32. Rf2 Nxe4 33. Rxf5 Rbxc4
34. bxc4 Rxc4 35. Rh5 Qb7 36. Rh4 f5 37. Rf1 f4 38. Rg4+ Kh8 39. gxf4 Nf6 40.
Rg2 e4 41. f5 Rc8 42. Qd4 Qe7 43. Kh1 Re8 44. Rc1 e3 45. Rc7 Qe5 46. Qxe5 dxe5
47. Re2 Rg8 48. Rcc2 Ng4 49. h3 Nf2+ 50. Kh2 Nd1 51. Rc5 a4 52. Rxe5 Rd8 53.
Kg2 Kg7 54. Kf3 Kf6 55. Re4 a3 56. Ra4 Nc3 57. Ra6+ Kxf5 58. Rxe3 Nxa2 59.
Rexa3 Nb4 60. Rh6 Rd7 61. Ra5+ Nd5 62. Rh5+ Ke6 63. Ra6+ 1-0

[Event "Women European Team Championship 2015"]
[Site "Reykjavik ISL"]
[Date "2015.11.22"]
[Round "9"]
[White "Haast, Anne"]
[Black "Muzychuk, Anna"]
[Result "1/2-1/2"]
[WhiteElo "2365"]
[BlackElo "2534"]
[PlyCount "61"]
[EventDate "2015.11.13"]
[WhiteTeam "Netherlands"]
[BlackTeam "Ukraine"]

1. e4 e5 2. Nf3 Nc6 3. Bb5 a6 4. Ba4 Nf6 5. O-O b5 6. Bb3 Nxe4 7. d4 d5 8. dxe5
Be6 9. Nbd2 Be7 10. Nxe4 dxe4 11. Bxe6 fxe6 12. Ng5 Qxd1 13. Rxd1 Bxg5 14. Bxg5
O-O 15. Re1 Rf5 16. Bh4 Rxe5 17. c3 Rf8 18. Bg3 Rd5 19. Rxe4 e5 20. a4 Rd2 21.
axb5 axb5 22. b4 Rc2 23. Re3 Rd8 24. h4 h6 25. Ra6 Rd6 26. Rf3 Kh7 27. Ra1 Rf6
28. Rd3 Rd6 29. Rf3 Rf6 30. Rd3 Rd6 31. Rf3 1/2-1/2

[Event "Women European Team Championship 2015"]
[Site "Reykjavik ISL"]
[Date "2015.11.22"]
[Round "9"]
[White "Stojanovic, Andjelija"]
[Black "Sebag, Marie"]
[Result "1/2-1/2"]
[WhiteElo "2357"]
[BlackElo "2496"]
[PlyCount "165"]
[EventDate "2015.11.13"]
[WhiteTeam "Serbia"]
[BlackTeam "France"]

1. Nf3 d5 2. g3 c6 3. Bg2 Bg4 4. O-O e6 5. d3 Nd7 6. Nbd2 Bd6 7. h3 Bh5 8. Qe1
Ne7 9. e4 O-O 10. e5 Bc7 11. b3 c5 12. Bb2 Nc6 13. g4 Bg6 14. Qe2 Rb8 15. a4 a6
16. Rae1 b5 17. axb5 axb5 18. Nh2 Bxe5 19. Bxe5 Ndxe5 20. f4 Nd7 21. f5 exf5
22. gxf5 Nd4 23. Qf2 Nxf5 24. Bxd5 Nf6 25. Bg2 Qc7 26. Ng4 Nxg4 27. hxg4 Nd4
28. Ne4 Rbd8 29. Nc3 Qd7 30. g5 Qg4 31. Re5 Nxc2 32. Rxc5 Bxd3 33. Qf4 Qxf4 34.
Rxf4 Nd4 35. Bd5 Ne6 36. Bxe6 fxe6 37. Rxf8+ Kxf8 38. Nxb5 Bxb5 39. Rxb5 Rd5
40. Rb7 Rxg5+ 41. Kf2 Rf5+ 42. Ke3 h5 43. b4 h4 44. Rb8+ Ke7 45. b5 h3 46. b6
Rb5 47. Kf2 Rb2+ 48. Kg1 Kf6 49. b7 Kg5 50. Re8 Rxb7 51. Rxe6 Rb2 52. Ra6 Rg2+
53. Kh1 Rg4 54. Ra3 Kh4 55. Rxh3+ Kg5 56. Ra3 Kf4 57. Ra4+ Kg3 58. Ra3+ Kf2 59.
Ra2+ Kf3 60. Ra3+ Kf4 61. Ra4+ Kf5 62. Ra5+ Kf4 63. Ra4+ Kg5 64. Ra5+ Kh4 65.
Ra3 Rg3 66. Ra2 Kh3 67. Rh2+ Kg4 68. Ra2 g5 69. Kh2 Rd3 70. Kg2 Kh4 71. Ra4+ g4
72. Ra2 Rg3+ 73. Kh2 Re3 74. Kg2 Re4 75. Rb2 Kg5 76. Ra2 Re3 77. Ra5+ Kh4 78.
Ra2 Re4 79. Rb2 Kg5 80. Ra2 Kf4 81. Rf2+ Kg5 82. Ra2 Kh4 83. Rb2 1/2-1/2

[Event "1st China Chess Queen Match 2015"]
[Site "Taizhou CHN"]
[Date "2015.11.24"]
[Round "1"]
[White "Ju, Wenjun"]
[Black "Zhu, Jiner"]
[Result "1/2-1/2"]
[WhiteElo "2547"]
[BlackElo "2094"]
[PlyCount "170"]
[EventDate "2015.11.24"]

1. c4 Nf6 2. Nc3 e6 3. d4 Bb4 4. Qc2 c5 5. dxc5 O-O 6. Nf3 Na6 7. g3 Nxc5 8.
Bg2 Nce4 9. O-O Nxc3 10. bxc3 Be7 11. e4 d6 12. e5 dxe5 13. Nxe5 Qc7 14. Qe2
Nd7 15. Bf4 Nxe5 16. Qxe5 Qxc4 17. Qc7 Qxc7 18. Bxc7 f6 19. Rfd1 Rf7 20. Rab1
Bf8 21. Bf4 e5 22. Be3 Be6 23. Rxb7 Rc8 24. a4 Rxc3 25. Rb8 g5 26. Rd6 Ba2 27.
Rdd8 Kg7 28. h4 gxh4 29. gxh4 f5 30. h5 h6 31. a5 Rb3 32. Rbc8 Rb1+ 33. Kh2 f4
34. Bd2 Be6 35. Rc6 Rf5 36. Rxe6 Rxh5+ 37. Bh3 Rb3 38. Rd7+ Kh8 39. Be3 fxe3
40. Re8 Kg8 41. Rdd8 Rxh3+ 42. Kxh3 e2+ 43. Kg4 Rb4+ 44. Kf5 Rf4+ 45. Kxe5
e1=Q+ 46. Kxf4 Qxf2+ 47. Kg4 Qg1+ 48. Kh3 Qf1+ 49. Kg3 Kg7 50. Rxf8 Qe1+ 51.
Kg4 Qb4+ 52. Kg3 Qxa5 53. Rg8+ Kf7 54. Rgf8+ Kg6 55. Rg8+ Kh5 56. Rde8 Qd5 57.
Kf2 a5 58. Rd8 Qf7+ 59. Ke3 a4 60. Rge8 Qb3+ 61. Kd4 Qb4+ 62. Kd3 Qb5+ 63. Kd4
Qb6+ 64. Kd5 a3 65. Ra8 Qb3+ 66. Kd4 Qb2+ 67. Kd3 Qb5+ 68. Kd4 Kg4 69. Reb8 Qc6
70. Rc8 Qb6+ 71. Kd5 Qb5+ 72. Kd4 Qb2+ 73. Kd5 Kh3 74. Rc6 Qb3+ 75. Kd6 Qd3+
76. Kc7 Qg3+ 77. Kc8 Qg8+ 78. Kb7 Qf7+ 79. Kc8 Qe8+ 80. Kb7 Qd7+ 81. Kb6 Qd4+
82. Kb7 Qd7+ 83. Kb6 Qd4+ 84. Kb7 Qd7+ 85. Kb6 Qd4+ 1/2-1/2

[Event "1st China Chess Queen Match 2015"]
[Site "Taizhou CHN"]
[Date "2015.11.24"]
[Round "1"]
[White "Guo, Qi"]
[Black "Zhao, Xue"]
[Result "1-0"]
[WhiteElo "2427"]
[BlackElo "2524"]
[PlyCount "239"]
[EventDate "2015.11.24"]

1. d4 Nf6 2. c4 e6 3. Nf3 b6 4. g3 Ba6 5. Qa4 Bb7 6. Bg2 c5 7. dxc5 bxc5 8. O-O
Be7 9. Nc3 O-O 10. Rd1 Qb6 11. Bf4 d6 12. Rab1 Nbd7 13. b4 Rfb8 14. a3 a6 15.
Qc2 Qc7 16. b5 Nb6 17. bxa6 Bxa6 18. Nd2 Ra7 19. Qa2 h6 20. Nb5 Bxb5 21. Rxb5
g5 22. Be3 d5 23. cxd5 Nbxd5 24. Rxb8+ Qxb8 25. Rb1 Qd8 26. Rb3 Nxe3 27. Rxe3
Rd7 28. Nf1 Qa5 29. Rd3 Rxd3 30. exd3 Qc3 31. a4 Qxd3 32. Ne3 Bd8 33. a5 Qa6
34. Nc4 Nd5 35. Qa4 Kg7 36. Bf1 Nf6 37. Qa3 Nd7 38. Qd3 Qa7 39. Qd6 Bf6 40. a6
Bd4 41. Bg2 Nb8 42. Bb7 Nxa6 43. Qxa6 Qxa6 44. Bxa6 g4 45. Kf1 Kg6 46. Ke2 h5
47. Nd2 e5 48. Bc8 f6 49. Nc4 f5 50. Nd6 f4 51. Bd7 Kf6 52. Ne4+ Kg6 53. Kd3
Kf7 54. Kc4 Ke7 55. Bf5 Kf7 56. Kd5 Kg7 57. Be6 Kg6 58. Bd7 Kf7 59. Kd6 Kg7 60.
Kd5 Kf7 61. Kc4 Kg7 62. Bf5 Kf7 63. Kd3 Kg7 64. Be6 Kg6 65. Ke2 Kg7 66. gxf4
exf4 67. h3 g3 68. fxg3 fxg3 69. Nxg3 h4 70. Ne4 Be5 71. Kf3 Bg3 72. Nxc5 Kh8
73. Kg4 Kg7 74. Ne4 Kh8 75. Kf5 Kg7 76. Ng5 Be1 77. Bc4 Bf2 78. Ne6+ Kf7 79.
Kg5 Be1 80. Kh6 Kf6 81. Kh5 Bf2 82. Ng5 Kg7 83. Ne4 Be1 84. Kg5 Bg3 85. Nf6 Be1
86. Nh5+ Kh8 87. Kg6 Bf2 88. Ng7 Bg3 89. Nf5 Be1 90. Ne7 Bf2 91. Bb3 Bc5 92.
Nf5 Bf2 93. Nh6 Be1 94. Kf7 Kh7 95. Ng8 Kh8 96. Bc2 Bb4 97. Nh6 Bd2 98. Ng4 Bf4
99. Nf6 Bg3 100. Nd5 Bd6 101. Bd3 Bg3 102. Ne7 Bf2 103. Ng6+ Kh7 104. Nxh4+ Kh6
105. Nf3 Bg3 106. Kf6 Bc7 107. Kf5 Kh5 108. Bb5 Bd6 109. Be8+ Kh6 110. h4 Ba3
111. Kg4 Bb2 112. Ng5 Bc1 113. Ne4 Ba3 114. Ng3 Bc1 115. Nf5+ Kh7 116. h5 Bd2
117. Bg6+ Kg8 118. h6 Kh8 119. Kh5 Bc3 120. Nd6 1-0

[Event "1st China Chess Queen Match 2015"]
[Site "Taizhou CHN"]
[Date "2015.11.25"]
[Round "2"]
[White "Zhu, Jiner"]
[Black "Ju, Wenjun"]
[Result "0-1"]
[WhiteElo "2094"]
[BlackElo "2547"]
[PlyCount "100"]
[EventDate "2015.11.24"]

1. e4 c5 2. Nf3 d6 3. d4 cxd4 4. Nxd4 Nf6 5. Nc3 a6 6. Be2 e5 7. Nb3 Be7 8. Be3
Be6 9. Nd5 Nbd7 10. Qd3 O-O 11. O-O Bxd5 12. exd5 Nc5 13. Nxc5 dxc5 14. Bf3 Re8
15. c4 Bd6 16. Bg5 h6 17. Bxf6 Qxf6 18. Be4 g6 19. Qd2 Kg7 20. f3 Qe7 21. Rae1
f5 22. Bc2 Qf6 23. b3 h5 24. Re2 Re7 25. a3 h4 26. g4 hxg3 27. hxg3 Rh8 28. Rh2
Rxh2 29. Qxh2 Re8 30. Qf2 Qg5 31. Kg2 e4 32. fxe4 f4 33. Qf3 Rh8 34. Rh1 Rxh1
35. Kxh1 fxg3 36. Kg1 g2 37. Qf2 Be5 38. Qxc5 Qc1+ 39. Kxg2 Qxc2+ 40. Kg1 Qh2+
41. Kf1 Qf4+ 42. Kg1 Qg3+ 43. Kf1 Qd3+ 44. Kg2 Qxe4+ 45. Kf1 Qd3+ 46. Kg2 Qe2+
47. Kg1 Bf4 48. Qd4+ Qe5 49. Qd1 Qe3+ 50. Kh1 Qh3+ 0-1

[Event "1st China Chess Queen Match 2015"]
[Site "Taizhou CHN"]
[Date "2015.11.25"]
[Round "2"]
[White "Zhao, Xue"]
[Black "Guo, Qi"]
[Result "0-1"]
[WhiteElo "2524"]
[BlackElo "2427"]
[PlyCount "182"]
[EventDate "2015.11.24"]

1. d4 d5 2. c4 e6 3. Nc3 Be7 4. cxd5 exd5 5. Bf4 c6 6. e3 Bd6 7. Bxd6 Qxd6 8.
Bd3 Ne7 9. Qc2 Bg4 10. h3 Bh5 11. f4 f6 12. g4 Bg6 13. f5 Bf7 14. Nge2 Nd7 15.
O-O-O O-O-O 16. Nb5 Qb8 17. Nf4 Rde8 18. h4 Kd8 19. Nc3 Nc8 20. Qf2 h6 21. Rhg1
Qd6 22. g5 hxg5 23. hxg5 fxg5 24. Rxg5 Qh6 25. Rdg1 Rhg8 26. Kc2 Ne7 27. Qg3
Qf6 28. Qf2 Qh6 29. R5g2 Nb6 30. Ng6 Bxg6 31. fxg6 Qh3 32. Qf4 Qd7 33. Rf1 Nec8
34. e4 dxe4 35. Bxe4 Nd6 36. Bd3 Nbc4 37. Rf3 Rgf8 38. Qg5+ Qe7 39. Qxe7+ Kxe7
40. Rh3 Kd7 41. Bxc4 Nxc4 42. Kd3 Nd6 43. Nd1 Rf4 44. Ne3 Nf5 45. Nxf5 Rxf5 46.
Rh7 Rg8 47. Ke4 Ke6 48. Rh3 Kf6 49. Rhg3 Re8+ 50. Kd3 Rf4 51. Kc3 Rd8 52. Rd2
Rd5 53. Re3 Kxg6 54. Re7 Rf7 55. Rde2 Rdf5 56. R7e6+ R5f6 57. Rg2+ Kh7 58. Ree2
Rf4 59. Rh2+ Kg6 60. Re6+ Kf5 61. Re5+ Kf6 62. Rhe2 Rd7 63. Re8 Rfxd4 64. Rf8+
Kg5 65. Re5+ Kg6 66. Re2 Rd3+ 67. Kc2 R3d6 68. Rg2+ Kh7 69. Rh2+ Rh6 70. Rhf2
Re7 71. a3 Rh5 72. Kb3 Rhe5 73. Rh2+ Kg6 74. Rg2+ Rg5 75. Rgf2 Re6 76. Rc8 Rf6
77. Rd2 Rf7 78. Ra8 a6 79. Ka2 Rd5 80. Rg2+ Kf6 81. Re8 g5 82. Rge2 Rg7 83.
Rf2+ Kg6 84. Re6+ Kh5 85. Rh2+ Kg4 86. Rf6 Kg3 87. Rff2 g4 88. a4 Rd3 89. Rhg2+
Kh4 90. Rf8 Kh3 91. Rg1 g3 0-1

[Event "1st China Chess Queen Match 2015"]
[Site "Taizhou CHN"]
[Date "2015.11.24"]
[Round "1"]
[White "Tan, Zhongyi"]
[Black "Lei, Tingjie"]
[Result "1-0"]
[WhiteElo "2492"]
[BlackElo "2431"]
[PlyCount "73"]
[EventDate "2015.11.24"]

1. d4 Nf6 2. c4 g6 3. Nc3 d5 4. Qb3 dxc4 5. Qxc4 Be6 6. Qb5+ Bd7 7. Qb3 c5 8.
d5 b5 9. Nxb5 Na6 10. Nc3 Bg7 11. e4 Rb8 12. Qd1 Qa5 13. Bd2 Rxb2 14. Qc1 Rb8
15. Nf3 O-O 16. Bc4 Rb4 17. Be2 Bg4 18. O-O Nd7 19. d6 e6 20. a3 Rbb8 21. Nd5
Qa4 22. Ne7+ Kh8 23. Bc3 Bxf3 24. gxf3 Rb6 25. Rd1 Bd4 26. Rd2 Ndb8 27. Bd1 Qd7
28. Rxd4 cxd4 29. Qh6 Qd8 30. Bxd4+ e5 31. Bxe5+ f6 32. Nxg6+ Kg8 33. Ne7+ Kf7
34. Qxh7+ Ke8 35. Ba4+ Nd7 36. Qh5+ Rf7 37. Nf5 1-0

[Event "1st China Chess Queen Match 2015"]
[Site "Taizhou CHN"]
[Date "2015.11.25"]
[Round "2"]
[White "Lei, Tingjie"]
[Black "Tan, Zhongyi"]
[Result "1/2-1/2"]
[WhiteElo "2431"]
[BlackElo "2492"]
[PlyCount "100"]
[EventDate "2015.11.24"]

1. c4 Nf6 2. Nc3 e5 3. e3 Be7 4. Nf3 d6 5. Qc2 O-O 6. Bd3 c6 7. a3 Nbd7 8. Bf5
g6 9. Bh3 Re8 10. d3 Bf8 11. O-O Bg7 12. b4 Nb6 13. Bxc8 Rxc8 14. Bb2 d5 15. c5
Nbd7 16. e4 d4 17. Ne2 b6 18. Nd2 bxc5 19. bxc5 Bf8 20. f4 Bxc5 21. fxe5 Ng4
22. Nc4 Ngxe5 23. Nxe5 Rxe5 24. Bxd4 Qb6 25. Bf2 Bxf2+ 26. Rxf2 Qe3 27. Raf1
Re7 28. Kh1 Nf8 29. Rf3 Qb6 30. Qc1 Rb8 31. Qg5 Reb7 32. Ng3 Qd8 33. Qh6 Qe8
34. d4 Qd7 35. Ne2 Rb1 36. h3 Rxf1+ 37. Rxf1 Rb3 38. e5 Ne6 39. Qc1 Qd5 40. Qh6
Qe4 41. Ng1 Rb2 42. Nf3 Nxd4 43. Qxh7+ Kxh7 44. Ng5+ Kg7 45. Nxe4 Nf5 46. Rf4
Rb3 47. Nd6 Nxd6 48. exd6 Rd3 49. Ra4 Rxd6 50. Rxa7 c5 1/2-1/2

[Event "1st China Chess Queen Match 2015"]
[Site "Taizhou CHN"]
[Date "2015.11.26"]
[Round "3"]
[White "Ding, Yixin"]
[Black "Ju, Wenjun"]
[Result "1/2-1/2"]
[WhiteElo "2435"]
[BlackElo "2547"]
[PlyCount "61"]
[EventDate "2015.11.24"]

1. e4 c5 2. Nf3 d6 3. d4 cxd4 4. Qxd4 Nc6 5. Bb5 Bd7 6. Qd3 Nf6 7. c4 g6 8. Nc3
Bg7 9. h3 O-O 10. O-O a6 11. Bxc6 Bxc6 12. Be3 Rc8 13. Nd4 Nd7 14. Rac1 Nc5 15.
Qc2 Bd7 16. Rfd1 Re8 17. b4 Ne6 18. Nd5 Nxd4 19. Bxd4 Bxd4 20. Rxd4 Bc6 21. Qd2
Bxd5 22. exd5 e5 23. dxe6 Rxe6 24. c5 Qc7 25. Rcc4 dxc5 26. Rxc5 Rc6 27. Rxc6
Qxc6 28. Rd8+ Rxd8 29. Qxd8+ Kg7 30. Qd4+ Kg8 31. Qd8+ 1/2-1/2

[Event "1st China Chess Queen Match 2015"]
[Site "Taizhou CHN"]
[Date "2015.11.26"]
[Round "3"]
[White "Tan, Zhongyi"]
[Black "Guo, Qi"]
[Result "1-0"]
[WhiteElo "2492"]
[BlackElo "2427"]
[PlyCount "45"]
[EventDate "2015.11.24"]

1. d4 d5 2. c4 e6 3. Nc3 Be7 4. Nf3 Nf6 5. Bg5 h6 6. Bxf6 Bxf6 7. e3 O-O 8. Qc2
dxc4 9. Bxc4 Nd7 10. O-O-O a6 11. h4 Nb6 12. Bb3 Nd5 13. g4 Nxc3 14. bxc3 g6
15. g5 hxg5 16. hxg5 Bg7 17. Ne5 Qd6 18. f4 Bd7 19. f5 gxf5 20. g6 Bxe5 21.
dxe5 Qa3+ 22. Kb1 Bc6 23. Qh2 1-0

[Event "1st China Chess Queen Match 2015"]
[Site "Taizhou CHN"]
[Date "2015.11.27"]
[Round "4"]
[White "Ju, Wenjun"]
[Black "Ding, Yixin"]
[Result "1/2-1/2"]
[WhiteElo "2547"]
[BlackElo "2435"]
[PlyCount "60"]
[EventDate "2015.11.24"]

1. d4 Nf6 2. c4 g6 3. Nc3 d5 4. Bf4 Bg7 5. e3 O-O 6. Rc1 Be6 7. cxd5 Nxd5 8.
Nxd5 Qxd5 9. b3 Qa5+ 10. Qd2 Qxd2+ 11. Kxd2 c6 12. Nf3 Bd5 13. Bd3 Bxf3 14.
gxf3 Nd7 15. Bg5 Rfe8 16. Ke2 Nb6 17. f4 e6 18. Rhd1 a5 19. a4 Nd5 20. f3 Bf8
21. Bh4 Bb4 22. Be1 Bxe1 23. Rxe1 Red8 24. Red1 Kf8 25. Bc4 Ke7 26. Rd2 Rd6 27.
Bxd5 Rxd5 28. e4 Rd6 29. Ke3 Ra6 30. Rc5 Rd7 1/2-1/2

[Event "1st China Chess Queen Match 2015"]
[Site "Taizhou CHN"]
[Date "2015.11.27"]
[Round "4"]
[White "Guo, Qi"]
[Black "Tan, Zhongyi"]
[Result "0-1"]
[WhiteElo "2427"]
[BlackElo "2492"]
[PlyCount "90"]
[EventDate "2015.11.24"]

1. d4 Nf6 2. c4 e6 3. Nf3 b6 4. g3 Bb7 5. Bg2 Bb4+ 6. Bd2 Bxd2+ 7. Qxd2 O-O 8.
O-O d6 9. Nc3 Ne4 10. Nxe4 Bxe4 11. Qf4 f5 12. Qe3 Qe7 13. Bh3 h6 14. d5 Bxf3
15. Qxf3 Nd7 16. dxe6 Qxe6 17. Bg2 Nf6 18. Qd3 Rae8 19. e3 Ne4 20. b4 a5 21. a3
Kh8 22. Rab1 Ra8 23. f3 Nf6 24. Rfe1 axb4 25. axb4 Ra2 26. Ra1 Rfa8 27. Rxa2
Rxa2 28. Qb3 Ra8 29. Qc3 Qe5 30. Qb3 Ra1 31. Rxa1 Qxa1+ 32. Kf2 Qc1 33. Bf1 d5
34. Qd3 dxc4 35. Qxf5 Qd2+ 36. Be2 c3 37. Qd3 Nd5 38. Qf5 c2 39. Qf8+ Kh7 40.
Qf5+ Kg8 41. Qc8+ Kf7 42. Qd7+ Kf6 43. Qd8+ Kg6 44. Qe8+ Kh7 45. Qe4+ g6 0-1

[Event "1st China Queen Match, (tie-break) 2015"]
[Site "Taizhou CHN"]
[Date "2015.11.27"]
[Round "2"]
[White "Ju, Wenjun"]
[Black "Ding, Yixin"]
[Result "1/2-1/2"]
[WhiteElo "2547"]
[BlackElo "2435"]
[PlyCount "60"]
[EventDate "2015.11.24"]

1. c4 Nf6 2. Nc3 g6 3. g3 Bg7 4. Bg2 c5 5. Nf3 d5 6. cxd5 Nxd5 7. Ng5 Nb6 8. a4
a5 9. d3 Nc6 10. O-O O-O 11. Nge4 c4 12. dxc4 Nxc4 13. Qb3 Nd6 14. Nxd6 Qxd6
15. Nb5 Qb4 16. Qxb4 Nxb4 17. Rd1 Bg4 18. Bg5 Bxb2 19. Rab1 Bf6 20. Bxf6 exf6
21. Bxb7 Bxe2 22. Bxa8 Bxd1 23. Rxd1 Rxa8 24. Rd7 Nc6 25. Rd6 Ne5 26. Rxf6 Nc4
27. Rc6 Nb2 28. Nc3 Rb8 29. Rc5 Rb3 30. Nd5 Nxa4 1/2-1/2

[Event "1st China Queen Match, (tie-break) 2015"]
[Site "Taizhou CHN"]
[Date "2015.11.27"]
[Round "2"]
[White "Ding, Yixin"]
[Black "Ju, Wenjun"]
[Result "1/2-1/2"]
[WhiteElo "2435"]
[BlackElo "2547"]
[PlyCount "105"]
[EventDate "2015.11.24"]

1. e4 c5 2. Nf3 d6 3. d4 cxd4 4. Nxd4 Nf6 5. f3 e5 6. Nb3 a5 7. a4 Be7 8. c4
O-O 9. Be3 Be6 10. Be2 Nc6 11. O-O Nd7 12. Nc3 Nc5 13. Nd5 Bg5 14. Bf2 b6 15.
Re1 Nb4 16. Bf1 Nxd5 17. cxd5 Bd7 18. Nxc5 bxc5 19. Qd3 g6 20. Ra3 Rb8 21. Rb1
f5 22. Be1 Qb6 23. Kh1 fxe4 24. fxe4 Be3 25. Be2 Bd4 26. Qd2 Ra8 27. h3 Rf4 28.
Bf3 c4 29. Qc2 Rc8 30. Kh2 Rf7 31. Bc3 Bc5 32. Raa1 Bb4 33. Qe2 Qc5 34. Rc1 Qb6
35. Rc2 Bc5 36. Be1 Bd4 37. Kh1 Kg7 38. Qd2 Rc5 39. Ra3 Qc7 40. Qe2 Qb6 41. Bc3
Bxc3 42. Rcxc3 Be8 43. Rxc4 Rxc4 44. Qxc4 Qxb2 45. Qc3 Qxc3 46. Rxc3 Rb7 47.
Rc8 Bxa4 48. Ra8 Bc2 49. Rxa5 Rb4 50. Ra7+ Kh6 51. Ra6 Bxe4 52. Bxe4 Rxe4 53.
Rxd6 1/2-1/2

[Event "1st China Queen Match, (tie-break) 2015"]
[Site "Taizhou CHN"]
[Date "2015.11.27"]
[Round "2"]
[White "Ju, Wenjun"]
[Black "Ding, Yixin"]
[Result "1-0"]
[WhiteElo "2547"]
[BlackElo "2435"]
[PlyCount "133"]
[EventDate "2015.11.24"]

1. b3 e5 2. Bb2 Nc6 3. e3 Nf6 4. Bb5 d6 5. Ne2 Be7 6. O-O O-O 7. Bxc6 bxc6 8.
d3 c5 9. Nd2 Bb7 10. e4 Ne8 11. f4 exf4 12. Nxf4 Bf6 13. Bxf6 Nxf6 14. Nc4 Rb8
15. Ne3 Nd7 16. Qg4 Ne5 17. Qg3 Kh8 18. Nh5 Rg8 19. Rf2 Bc8 20. Raf1 Be6 21.
Nf4 Qd7 22. h3 a5 23. a4 h6 24. Nfd5 c6 25. Nf4 Rbe8 26. Nh5 Qd8 27. h4 Ng6 28.
Nf5 Bxf5 29. Rxf5 Ne5 30. R5f4 Re6 31. Qh3 Rg6 32. Ng3 Re8 33. Nf5 Qd7 34. Kh1
Kh7 35. R4f2 Rd8 36. Rf4 Re8 37. Kh2 d5 38. Ne3 Qxh3+ 39. Kxh3 dxe4 40. Rxe4
Rge6 41. Nc4 Nxc4 42. Rxc4 Re3+ 43. Kh2 Re2 44. Rxf7 Rd2 45. Rf3 Ree2 46. Rg4
Kg8 47. Rfg3 Re7 48. Rc4 Re5 49. Rgg4 Kf7 50. Rgf4+ Kg6 51. Rg4+ Kf6 52. Rcf4+
Ke6 53. Rxg7 Rxc2 54. Rg6+ Kd5 55. Rxh6 Rd2 56. Rf3 Ree2 57. Rg6 Kd4 58. h5
Rxd3 59. Rxd3+ Kxd3 60. h6 Re8 61. h7 Rh8 62. Rh6 Kc3 63. g4 Kxb3 64. g5 c4 65.
g6 c3 66. Rh3 Kb2 67. Rxc3 1-0

[Event "1st China Queen Match, (tie-break) 2015"]
[Site "Taizhou CHN"]
[Date "2015.11.27"]
[Round "2"]
[White "Ding, Yixin"]
[Black "Ju, Wenjun"]
[Result "0-1"]
[WhiteElo "2435"]
[BlackElo "2547"]
[PlyCount "43"]
[EventDate "2015.11.24"]

1. e4 c5 2. Nc3 e6 3. Nf3 a6 4. d4 cxd4 5. Nxd4 Qc7 6. Be2 b5 7. O-O Bb7 8. Re1
Be7 9. Bd3 d6 10. Qg4 Bf6 11. Be3 Ne7 12. a4 b4 13. Na2 Nbc6 14. c3 bxc3 15.
bxc3 Ne5 16. Qe2 Nxd3 17. Qxd3 O-O 18. f4 e5 19. Ne2 d5 20. exd5 Nxd5 21. f5
Qc6 22. Ng3 0-1

[Event "1st China Chess Queen Match 2015"]
[Site "Taizhou CHN"]
[Date "2015.11.29"]
[Round "5"]
[White "Tan, Zhongyi"]
[Black "Ju, Wenjun"]
[Result "1/2-1/2"]
[WhiteElo "2492"]
[BlackElo "2547"]
[PlyCount "55"]
[EventDate "2015.11.24"]

1. Nf3 Nf6 2. c4 e6 3. Nc3 d5 4. d4 c5 5. e3 dxc4 6. Bxc4 a6 7. O-O b5 8. Bd3
Bb7 9. e4 cxd4 10. Nxd4 Nbd7 11. Qe2 b4 12. Na4 Ne5 13. Rd1 Nxd3 14. Rxd3 Bxe4
15. Nxe6 Qe7 16. Nac5 Bxd3 17. Nc7+ Kd8 18. Qxd3+ Kxc7 19. Bf4+ Kb6 20. Nb3 Qd8
21. Qf3 Qd5 22. Be3+ Kb7 23. Na5+ Kb8 24. Bf4+ Ka7 25. Be3+ Kb8 26. Bf4+ Ka7
27. Be3+ Kb8 28. Bf4+ 1/2-1/2

[Event "1st China Chess Queen Match 2015"]
[Site "Taizhou CHN"]
[Date "2015.11.30"]
[Round "6"]
[White "Ju, Wenjun"]
[Black "Tan, Zhongyi"]
[Result "1/2-1/2"]
[WhiteElo "2547"]
[BlackElo "2492"]
[PlyCount "60"]
[EventDate "2015.11.24"]

1. c4 Nf6 2. Nc3 c5 3. Nf3 d5 4. cxd5 Nxd5 5. d4 cxd4 6. Qxd4 e6 7. e4 Nc6 8.
Bb5 Nxc3 9. Qxc3 Qb6 10. Bxc6+ Qxc6 11. Qxc6+ bxc6 12. O-O Ba6 13. Rd1 Be2 14.
Re1 Bxf3 15. gxf3 Bc5 16. Be3 Bxe3 17. Rxe3 a5 18. Rb3 Ke7 19. Rb7+ Kf6 20. Rd1
Rhd8 21. Rxd8 Rxd8 22. Ra7 Rd2 23. Rxa5 Rxb2 24. Kg2 g5 25. Rc5 Rxa2 26. Rxc6
Kg6 27. Rc8 Kg7 28. Rc5 Kg6 29. Rc8 Kg7 30. Rc5 Kg6 1/2-1/2

[Event "1st China Queen Match, (tie-break) 2015"]
[Site "Taizhou CHN"]
[Date "2015.11.30"]
[Round "3"]
[White "Tan, Zhongyi"]
[Black "Ju, Wenjun"]
[Result "1-0"]
[WhiteElo "2492"]
[BlackElo "2547"]
[PlyCount "119"]
[EventDate "2015.11.24"]

1. c4 Nf6 2. Nc3 e6 3. e4 d5 4. cxd5 exd5 5. e5 d4 6. exf6 dxc3 7. Bb5+ c6 8.
Qe2+ Be6 9. Bc4 Qxf6 10. dxc3 Be7 11. Nf3 Bxc4 12. Qxc4 h6 13. O-O O-O 14. Re1
Nd7 15. Bxh6 Nb6 16. Qg4 Rfe8 17. Bf4 Bf8 18. Be5 Qh6 19. Nd4 Nd5 20. Nf5 Qg6
21. Qxg6 fxg6 22. Nh4 Re6 23. Nf3 Rae8 24. Kf1 Nb6 25. Bf4 Na4 26. Rxe6 Rxe6
27. Rb1 c5 28. c4 a6 29. Bd2 b5 30. b3 Nb6 31. cxb5 axb5 32. Re1 Rd6 33. Re8
Kf7 34. Rb8 Be7 35. Bf4 Re6 36. Ne5+ Rxe5 37. Bxe5 Nd7 38. Rxb5 Nxe5 39. a4 Nc6
40. a5 Nb4 41. Ke2 g5 42. Kf3 Ke8 43. Rb7 Kd8 44. Ke4 Bf6 45. f4 gxf4 46. Kxf4
Kc8 47. Rf7 Nc6 48. a6 Kb8 49. Kf5 Na5 50. g4 Ka8 51. g5 Bd4 52. h4 Nxb3 53.
Rc7 Na5 54. h5 Kb8 55. a7+ Ka8 56. h6 gxh6 57. gxh6 Nb7 58. Kg6 Kxa7 59. Rg7 c4
60. h7 1-0

[Event "1st China Queen Match, (tie-break) 2015"]
[Site "Taizhou CHN"]
[Date "2015.11.30"]
[Round "3"]
[White "Ju, Wenjun"]
[Black "Tan, Zhongyi"]
[Result "1-0"]
[WhiteElo "2547"]
[BlackElo "2492"]
[PlyCount "96"]
[EventDate "2015.11.24"]

1. d4 Nf6 2. c4 e6 3. Nc3 Bb4 4. Qc2 O-O 5. e4 d5 6. e5 Ne4 7. Bd3 c5 8. Nf3 f5
9. exf6 Qxf6 10. Bxe4 dxe4 11. Qxe4 cxd4 12. Qxd4 Bxc3+ 13. bxc3 Nc6 14. Qxf6
gxf6 15. O-O b6 16. c5 Rd8 17. Be3 Ba6 18. Rfe1 bxc5 19. Bxc5 e5 20. Rab1 Rd5
21. Be3 Rad8 22. h3 Ra5 23. Rb2 Bc4 24. Nd2 Bf7 25. c4 Ra3 26. Bh6 f5 27. Nf3
Rd6 28. Be3 Rd7 29. Bc5 Ra5 30. Nxe5 Nxe5 31. Rxe5 Bxc4 32. Rb8+ Kf7 33. Rxf5+
Kg6 34. g4 Bxa2 35. h4 h6 36. h5+ Kh7 37. Bd4 Rxd4 38. Rxa5 Rxg4+ 39. Kh2 Bf7
40. Rb7 Kg8 41. Raxa7 Rf4 42. Kg3 Rf6 43. Rxf7 Rxf7 44. Rxf7 Kxf7 45. Kf4 Kf6
46. f3 Ke6 47. Ke4 Kf6 48. f4 Ke6 1-0

[Event "1st China Queen Match, (tie-break) 2015"]
[Site "Taizhou CHN"]
[Date "2015.11.30"]
[Round "3"]
[White "Ju, Wenjun"]
[Black "Tan, Zhongyi"]
[Result "1-0"]
[WhiteElo "2547"]
[BlackElo "2492"]
[PlyCount "102"]
[EventDate "2015.11.24"]

1. b3 d5 2. Bb2 c5 3. e3 Nc6 4. Bb5 Nf6 5. f4 Bd7 6. Nf3 a6 7. Bxc6 Bxc6 8. O-O
e6 9. d3 Be7 10. Ne5 Qc7 11. Nd2 b6 12. Qe2 Bb7 13. Qf2 Bd6 14. Ndf3 O-O-O 15.
Qg3 Rhg8 16. a4 Ne8 17. Qh3 Qe7 18. Qxh7 Nf6 19. Qh4 Rh8 20. Qf2 d4 21. exd4
Nd5 22. dxc5 Bxc5 23. d4 Bd6 24. Nd2 g5 25. fxg5 Bxe5 26. dxe5 Qxg5 27. Ne4 Qh6
28. h3 Ne3 29. Qf4 Qxf4 30. Rxf4 Rhg8 31. g4 Kb8 32. Rc1 Rc8 33. Nd6 Rxc2 34.
Rxc2 Nxc2 35. Rxf7 Bd5 36. Kf2 Bxb3 37. Rb7+ Ka8 38. Rxb6 Rf8+ 39. Kg3 Bd5 40.
Rxa6+ Kb8 41. Rb6+ Ka7 42. a5 Rf3+ 43. Kh4 Ne3 44. Nb5+ Ka8 45. Nc7+ Ka7 46.
Bd4 Nc2 47. Bc5 Rc3 48. Nxd5 Rxc5 49. Nf4 Nd4 50. Nxe6 Nf3+ 51. Kg3 Nxe5 1-0